| 000 | 00744cab a2200265 4500 | ||
|---|---|---|---|
| 001 | WB3209-53 | ||
| 008 | 090401t1996 xxu||||| |||| 00| 0 eng d | ||
| 035 | _a(Sirsi) u40405 | ||
| 041 | _aeng | ||
| 245 | _aPylons spark value fears | ||
| 260 | _c1996 | ||
| 350 | _a0 | ||
| 490 |
_aEstates Times _v(1313) 23 February 1996, 1(1) |
||
| 520 | _aPublicity about possible links between pylons and cancer is threatening to blight property and land near overhead cables. | ||
| 650 | _aBLIGHT | ||
| 650 | _aCANCER | ||
| 650 | _aELECTROMAGNETIC FIELDS | ||
| 650 | _aHEALTH HAZARDS | ||
| 650 | _aOVERHEAD POWER LINES | ||
| 650 | _aPYLONS | ||
| 650 | _aWAYLEAVES | ||
| 690 | _aRATING AND VALUATION | ||
| 942 | _n0 | ||
| 948 | _c04/03/1997 | ||
| 999 |
_c25893 _d25893 |
||